书目信息 |
| 题名: |
遥感原理与方法
|
|
| 作者: | 卢小平 , 王双亭 主编 | |
| 分册: | ||
| 出版信息: | 北京 测绘出版社 2012.08 |
|
| 页数: | 201页 | |
| 开本: | 26cm | |
| 丛书名: | ||
| 单 册: | ||
| 中图分类: | TP7 | |
| 科图分类: | ||
| 主题词: | 遥感技术--高等学校--教材 , 遥感技术 | |
| 电子资源: | ||
| ISBN: | 978-7-5030-2607-2 | |
| 000 | 01206nam0 2200277 450 | |
| 001 | 012012245326 | |
| 005 | 20130609084604.60 | |
| 010 | @a978-7-5030-2607-2@dCNY28.60 | |
| 100 | @a20120828d2012 ekmy0chiy50 ea | |
| 101 | 0 | @achi |
| 102 | @aCN@b110000 | |
| 105 | @aa a 000yy | |
| 106 | @ar | |
| 200 | 1 | @a遥感原理与方法@9yao gan yuan li yu fang fa@dPrinciple and methods of remote sensing@f卢小平,王双亭主编@zeng |
| 210 | @a北京@c测绘出版社@d2012.08 | |
| 215 | @a201页@c图@d26cm | |
| 300 | @a高等学校统编教材 | |
| 330 | @a全书共分十章,系统叙述了当代遥感的理论、方法、过程和应用。内容包括遥感的基本概念、基本过程、遥感技术系统和遥感发展历程,电磁波及其传播机理;遥感平台及其运行特性,遥感图像处理基础,遥感图像校正的原理、方法和过程,遥感图像解译的原理、基本思路和解译过程,遥感图像特征提取、遥感图像自动分类及遥感信息的变化检测,遥感技术的应用,最后介绍了当代遥感技术的最新进展,分析了其发展趋势与方向。 | |
| 510 | 1 | @aPrinciple and methods of remote sensing@zeng |
| 606 | 0 | @a遥感技术@x高等学校@j教材 |
| 606 | 0 | @a遥感技术 |
| 690 | @aTP7@v5 | |
| 701 | 0 | @a卢小平@9lu xiao ping@4主编 |
| 701 | 0 | @a王双亭@9wang shuang ting@4主编 |
| 801 | 0 | @aCN@bRENTIAN@c20120819 |
| 905 | @dTP7@e37 | |
| 遥感原理与方法=Principle and methods of remote sensing/卢小平,王双亭主编.-北京:测绘出版社,2012.08 |
| 201页:图;26cm |
| 高等学校统编教材 |
| ISBN 978-7-5030-2607-2:CNY28.60 |
| 全书共分十章,系统叙述了当代遥感的理论、方法、过程和应用。内容包括遥感的基本概念、基本过程、遥感技术系统和遥感发展历程,电磁波及其传播机理;遥感平台及其运行特性,遥感图像处理基础,遥感图像校正的原理、方法和过程,遥感图像解译的原理、基本思路和解译过程,遥感图像特征提取、遥感图像自动分类及遥感信息的变化检测,遥感技术的应用,最后介绍了当代遥感技术的最新进展,分析了其发展趋势与方向。 |
| ● |
| 相关链接 |
|
|
|
|
正题名:遥感原理与方法
索取号:TP7/37
 
预约/预借
| 序号 | 登录号 | 条形码 | 馆藏地/架位号 | 状态 | 备注 |
| 1 | 0544297 | 205442975 | 第二样本阅览室/ [索取号:TP7/37] | 在馆 | |
| 2 | 0544298 | 205442984 | 第三借阅区/ [索取号:TP7/37] | 在馆 | |
| 3 | 0544299 | 205442993 | 第三借阅区/ [索取号:TP7/37] | 在馆 | |
| 4 | 0544300 | 205443000 | 第三借阅区/ [索取号:TP7/37] | 在馆 | |
| 5 | 0544301 | 205443019 | 第三借阅区/ [索取号:TP7/37] | 在馆 |